BUSINESS POLICY AND STRATEGIC MANAGEMENT: CONCEPTS & APPLICATIONS (Record no. 8977)
[ view plain ]
| 000 -LEADER | |
|---|---|
| fixed length control field | 01201nam a22001577a 4500 |
| 003 - CONTROL NUMBER IDENTIFIER | |
| control field | SGT |
| 020 ## - INTERNATIONAL STANDARD BOOK NUMBER | |
| International Standard Book Number | 8120328620 |
| 082 ## - DEWEY DECIMAL CLASSIFICATION NUMBER | |
| Classification number | 658.4012,GUP |
| 100 ## - MAIN ENTRY--PERSONAL NAME | |
| Personal name | GUPTA,VIPIN |
| 245 ## - TITLE STATEMENT | |
| Title | BUSINESS POLICY AND STRATEGIC MANAGEMENT: CONCEPTS & APPLICATIONS |
| 260 ## - PUBLICATION, DISTRIBUTION, ETC. (IMPRINT) | |
| Place of publication, distribution, etc | NEW DELHI |
| Name of publisher, distributor, etc | PHI |
| Year of Publication | 2006 |
| 300 ## - PAGE DESCRIPTION | |
| No. of Pages | 611 |
| 650 ## - SUBJECT ADDED ENTRY--TOPICAL TERM | |
| Topical term or geographic name as entry element | EXECUTIVE MANAGEMENT |
| 653 ## - KEYWORDS--INDEX TERM | |
| Keyword term | Section A: BUSINESS STRATEGY 1. Business Policy and Strategic Management—An Introduction 2. Strategic Intent 3. Business Strategy Formulation 4. Strategic Functions and Functional Strategies 5. Internal Analysis 6. External Analysis 7. Competitive Gaming Strategy Section B: CORPORATE STRATEGY 8. Corporate Strategy Formulation 9. International Strategies 10. Strategic Organizational Design 11. Learning and Knowledge Organization Strategy 12. Public and Non-profit Organizations’ Strategy 13. Family and Micro Business Strategy 14. Internetworking and E-Business Strategy Section C: ENACTMENT STRATEGY 15. Strategic Business Model 16. Strategic Innovation and Technology Management 17. Strategic Leadership 18. Corporate Governance and Business Ethics 19. Strategic Planning and Change Management 20. Strategic Control |
| 942 ## - ADDED ENTRY ELEMENTS (KOHA) | |
| Source of classification or shelving scheme | Dewey Decimal Classification |
| Koha item type | FCM Books |
| Withdrawn status | Lost status | Source of classification or shelving scheme | Damaged status | Not for loan | Collection code | Home library | Current library | Shelving location | Date acquired | Vendor Name | Cost, normal purchase price | SGTU | Total Checkouts | Full call number | Accession No. (Barcode) | Date last seen | Bill Date | Koha item type |
|---|---|---|---|---|---|---|---|---|---|---|---|---|---|---|---|---|---|---|
| Dewey Decimal Classification | COMMERCE MANAGEMENT | SGT Science & Social Sciences Library | SGT Science & Social Sciences Library | On Display | 13/06/2016 | GIFT | 350.00 | SGTU | 658.4012,GUP | CM233 | 13/06/2016 | 13/06/2016 | FCM Books |